|
|
|
|
| LEADER |
00000cam a2200000Ia 4500 |
| 001 |
Rebiun25376917 |
| 003 |
AR-RoUNA |
| 005 |
20250627081138.0 |
| 008 |
030331s2001 ag b 000 0 spa d |
| 020 |
|
|
|a 950-602-430-8
|
| 040 |
|
|
|a AR-RoUNA
|d AR-RoUNA
|b spa
|
| 041 |
|
|
|a spa
|
| 044 |
|
|
|a ag
|
| 100 |
|
|
|a Aliata, Fernando
|9 1258
|
| 245 |
1 |
3 |
|a El paisaje como cifra de armonía :
|b relaciones entre cultura y naturaleza a través de la mirada paisajística /
|c Fernando Aliata, Graciela Silvestri
|
| 260 |
|
|
|a Buenos Aires :
|b Ediciones Nueva Visión,
|c 2001.
|
| 300 |
|
|
|a 205 p. ;
|c 21x14 cm
|
| 504 |
|
|
|a Incluye notas bibliográficas
|
| 505 |
0 |
|
|t PREFACIO
|
| 505 |
0 |
|
|t INTRODUCCION
|
| 505 |
0 |
|
|a La Arcadia moderna
|
| 505 |
0 |
|
|a Límites
|
| 505 |
0 |
|
|a Jardines
|
| 505 |
0 |
|
|a Roma
|
| 505 |
0 |
|
|a Paraíso
|
| 505 |
0 |
|
|t PRIMERA PARTE - LAS GEORGICAS: EL JARDIN CLASICO
|
| 505 |
0 |
|
|t I. VINO, POLENTA Y JAZMINES: PAISAJE Y PRODUCCION. HORIZONTAL-VERTICAL
|
| 505 |
0 |
|
|a El paisaje italiano en el imaginario europeo
|
| 505 |
0 |
|
|a Pastores y campesinos: la interpretación de La libertad.
|
| 505 |
0 |
|
|a Otros mundos
|
| 505 |
0 |
|
|a Tecnologías ingenieriles y nuevos paisajes
|
| 505 |
0 |
|
|a La escena de la perspectiva
|
| 505 |
0 |
|
|t II. ELJARDIN DEL PRINCIPE
|
| 505 |
0 |
|
|a El locus del pensamiento
|
| 505 |
0 |
|
|a EL modelo de las Geórgicas
|
| 505 |
0 |
|
|a La arquitectura del jardín: geometría y variedad
|
| 505 |
0 |
|
|a El despliegue del jardín
|
| 505 |
0 |
|
|a Bosque, agua, roca: caos en el jardín
|
| 505 |
0 |
|
|a Los motivos formales
|
| 505 |
0 |
|
|a Lo bello y lo feo: el problema de la mímesis
|
| 505 |
0 |
|
|a Ornamento
|
| 505 |
0 |
|
|t III. ENTRE LAEXPERIENCIA Y LA NORMA
|
| 505 |
0 |
|
|a Género pictórico y retórica
|
| 505 |
0 |
|
|t SEGUNDA PARTE - LAS BUCOLICAS. EL PAISAJE MORAL
|
| 505 |
0 |
|
|a I. Técnica; política y paisaje
|
| 505 |
0 |
|
|a Naturaleza inglesa y libertad política
|
| 505 |
0 |
|
|a Tecnología francesa y representación
|
| 505 |
0 |
|
|t II. VOLVER A ARCADIA
|
| 505 |
0 |
|
|a La crisis de la mímesis clásica
|
| 505 |
0 |
|
|a La caída de la retórica normativa
|
| 505 |
0 |
|
|a Bello sublime y pintoresco
|
| 505 |
0 |
|
|a Naturphilosophie
|
| 505 |
0 |
|
|a La ciencia y la vida
|
| 505 |
0 |
|
|t III. UT PICTURA HORTUS
|
| 505 |
0 |
|
|a La arquitectura del jardín pintoresco
|
| 505 |
0 |
|
|a Espacio de la arquitectura y espacio del color
|
| 505 |
0 |
|
|a Elementos tópicos en la arquitectura del parque pintoresco
|
| 505 |
0 |
|
|a Derivaciones internacionales
|
| 505 |
0 |
|
|t TERCERA PARTE - LA CIUDAD Y EL VERDE
|
| 505 |
0 |
|
|a La nueva convención está exhausta
|
| 505 |
0 |
|
|a De la contemplación al uso
|
| 505 |
0 |
|
|a La trayectoria del city gardening hacia la urbanística moderna
|
| 505 |
0 |
|
|a Representaciones de la ciudad como espectáculo paisajístico
|
| 505 |
0 |
|
|t II. FORMA
|
| 505 |
0 |
|
|a Del paisaje decó al paisaje pop
|
| 505 |
0 |
|
|a Experiencias con el paisaje latinoamericano
|
| 505 |
0 |
|
|a Marcas en la tierra
|
| 505 |
0 |
|
|t III: LA REVOLUCION VERDE
|
| 505 |
0 |
|
|a Del jardín al ambiente Heimatschutz
|
| 505 |
0 |
|
|a Ecologismo y libre mercado en las versiones territoriales del último fin de siglo
|
| 650 |
|
0 |
|a Paisajes
|9 3932
|
| 650 |
|
4 |
|a Arquitectura paisajista
|9 3339
|
| 650 |
|
4 |
|a Jardines
|9 1270
|
| 650 |
|
4 |
|a Urbanismo
|9 5
|
| 700 |
1 |
|
|a Silvestri, Graciela
|d 1954-
|9 5619
|
| 908 |
|
|
|a Imp
|
| 942 |
|
|
|2 udc
|c LIB
|
| 945 |
|
|
|d 2023-10-06
|
| 980 |
|
|
|6 3
|a Germán Grimolizzi
|8 5
|g María Machado
|
| 999 |
|
|
|c 11063
|d 11063
|